000 00286nam a2200121Ia 4500
008 190216s9999||||xx |||||||||||||| ||und||
100 _aVenugopalan K
245 0 _aResearch Methodology
260 _bCalicut University Publications
300 _a279
650 _aCommerce
942 _cBK
999 _c6974
_d6974